| 000 | 01177nam a2200241Ia 4500 | ||
|---|---|---|---|
| 999 |
_c53295 _d53295 |
||
| 001 | 20336 | ||
| 003 | GE_BSU | ||
| 005 | 20200920172443.0 | ||
| 008 | 181216s1963||||ge |||||||||||||| ||geo|| | ||
| 040 | _cGE_BSU | ||
| 080 | _a811.353.1-84(075.8) ხ-89 | ||
| 100 |
_aხუბუტია , პ. _99543 |
||
| 245 |
_aქართული ენის სახელმძღვანელო არაქართველთათვის = Учебник грузинского языка : _b ნაწ. I / _cპ. ხუბუტია ; რედ. ვ. ჭედია. |
||
| 264 |
_aთბილისი : _bცოდნა, _c1963. |
||
| 300 |
_a123 გვ. ; _c22 სმ. |
||
| 500 | _aთავფურცელი რუსულ ენაზე | ||
| 500 | _aპარალელური თავფურცელი ქართულ ენაზე | ||
| 541 | _h26თ. | ||
| 653 | _aქართული ენა | ||
| 653 | _aქართული ენის სახელმძღვანელო არაქართველთათვის | ||
| 700 |
_aჭედია, ვ. _eრედაქტორი _99544 |
||
| 942 |
_cBK _2udc |
||